00294nam a2200109Ia 4500008004000000082001700040100002000057245002700077260004300104300000800147650002900155210210b2000 xxu||||| |||| 00| 0 eng d a324.254 ZAKH aZAKARIA (Rafiq) aHundred glorious years aBombaybIndian National Congressc2000 a351 aIndian national congress